00457cam a22001572 4500001001100000005001700011008004100028020002500069040001500094050001800109100003600127245005600163260003500219300002100254650002400275000000104520151217151804.0070223s xx 000 0 eng d a0854768912 :cKES990 aKABUcKABU 0aBV600.2b.N391 aNazir-Ali, Michael.@000014955110aShapes of the church to come. /cMichael Nazir-Ali. aEastbourne :bKingsway,c2001. a286 p. ;c20 cm. 0aChurch.@0000149546